000 00359nam a22001097a 4500
082 _a620.3 WIL'P
100 _aWILSON, W. K
_979099
245 _aPRACTICAL SOLUTION OF TORSIONAL VIBRATION PROBLEMS WITH EXAMPLES FROM MARINE ELECTRICAL AERONAUTICAL AND AUTOMOBILE ENGINEERING PRACTICE
300 _aLONDON
_bCHAPMAN & HALL
_e1969
490 _a43PP
942 _cBK
999 _c584162
_d584162